| 000 | 00463nam a2200169 a 4500 | ||
|---|---|---|---|
| 005 | 20140412111348.0 | ||
| 008 | 050421s19uu xx 00 eng d | ||
| 020 | _a0-439-52797-X | ||
| 050 |
_aREF 912 _bSc64 2001 |
||
| 100 | _aSteele, Philip, 1948- | ||
| 245 |
_aScholastic atlas of the world / _cby Philip Steele. |
||
| 260 |
_aNew York : _bScholastic Inc., _c2001. |
||
| 300 | _a224 p. ; ill. | ||
| 650 | _aAtlases | ||
| 650 | _aGeography | ||
| 999 |
_c105229 _d105229 |
||